000 01007nam a22002297a 4500
999 _c1970
_d1970
003 AR-CdUCM
008 190228b ||||| |||| 00| 0 spa d
040 _aMUNICIPALIDAD PROVINCIAL DEL CUSCO
_cBIBLIOTECA MUNICIPAL DEL CUSCO
082 _a947.083 /
_bW44
100 _aWelter, Gustave
_97189
245 _aHistoria de la Rusia comunista :
_b1917-1935 /
260 _aSantiago de Chile :
_bEmpresa Letras,
_c1936.
300 _a223 páginas ;
_c18 cm.
505 _aContendo : Visison general del pasado ruso -- La Rusia revolucionaria -- La revolución de febrero -- La revolución de octubre -- Organización del régimen -- La guerra civil -- El comunismo moderno -- La herencia de Lennin -- El Stalinismo -- La estabilización del régimen.
650 _aHistoria rusa
_97190
650 _aComunismo
_9495
650 _aRégimen comunista
_97191
700 _aDelaisi, Francis (prefacio)
_97192
700 _aEspinosa, Januario (Versión española)
_97193
942 _2ddc
_cLIBROS
945 _azta